000 00937nam a22002537a 4500
999 _c11460
_d11460
003 AR-CdUCM
008 190404b ||||| |||| 00| 0 spa d
040 _aMUNICIPALIDAD PROVINCIAL DEL CUSCO
_cBIBLIOTECA MUNICIPAL DEL CUSCO
082 _aES / 373.460 /
_bC55
100 _aCiesneros Vizquerra, Luis Jaime
_928831
110 _aCentro de servicios y transparencia tecnológica PUCP
_928832
245 _aLiteratura 3 /
260 _aLima :
_bEditorial Strella,
_c1998.
300 _a177 páginas ;
_bFotografías, ilustraciones,
_c27 cm.
440 _aTextos escolares PUCP
_928833
505 _aContenido: Pensando la literatura -- Épica y Lírica -- Narrativa -- Teatro.
650 _aLengua y literatura
_928814
650 _aLibro escolar
_928813
650 _aRenacimiento
_95449
700 _aOquendo Cueto, Abelardo
_928834
700 _aCisneros de Chichizola, Cecilia
_928835
942 _2ddc
_cLIBROS
945 _adavv